00588 2200217 4500001002100000005001500021035002000036007000300056008004100059020001800100082001000118084001600128100002000144245007700164250001100241260003100252300003200283650003300315990001000348990001200358INLIS00000000001013920220125010701 a0010-0122000340ta220125 g 0 ind  a9789790756441 a649.1 a649.1 MER m0 aMeredith, Susan1 aMengajar Anak Berenang :bLittle Dippers and Waterbaby /cSusan Meredith aCet. 1 aJakarta :bErlangga,c2010 a96hlm :bilus. ;c20 x 26cm 4aAnak Perawatan dan Kesehatan a13736 a13.736a